000 00346nam a2200145Ia 4500
008 230917s9999||||xx |||||||||||||| ||und||
040 _e114301
_aMAIN
041 _aEnglish
082 _a823.8 F774P
100 _aForster, E M
245 0 _aPassage to India
260 _aLondon
_bDenguin book
_c2005
300 _axxxiii, 377 p.
942 _cBK
999 _c143697
_d143697